Language in a Plural Society (Record no. 10231)

MARC details
000 -LEADER
fixed length control field 00432nam a2200169 a 4500
020 ## - INTERNATIONAL STANDARD BOOK NUMBER
ISBN 8120800
082 00 - DEWEY DECIMAL CLASSIFICATION NUMBER
Classification number 149.94
Author Cutter KHU
100 ## - MAIN ENTRY--AUTHOR NAME
Author name Khubchandani, Lachman
245 ## - TITLE STATEMENT
Title Language in a Plural Society
260 ## - PUBLICATION, DISTRIBUTION, ETC. (IMPRINT)
Place of publication Delhi
Name of publisher Motilal Banarsidass
Year of publication 1988
300 ## - PHYSICAL DESCRIPTION
Number of Pages 158p
500 ## - GENERAL NOTE
General note includes index and biblioraphy
505 2# - FORMATTED CONTENTS NOTE
Formatted contents note Index
650 ## - SUBJECT ADDED ENTRY--TOPICAL TERM
Topical Term Lingustics-Philosophy
942 ## - ADDED ENTRY ELEMENTS (KOHA)
Koha item type Books
700 1# -
-- Khubchandani, Lachman
Holdings
Collection code Home library Current library Date acquired Cost, normal purchase price Full call number Accession Number Koha item type
  Henry Martyn Institute Library Henry Martyn Institute Library 08/01/2007 175.00 149.94 KHU 016951 Books
                   Copyright © 2026 | Henry Martyn Institute | Hyderabad | TS-500052 | INDIA | Implemented by hmi.edu.in
Hit-Count:

Powered by Koha